000 00406 a2200109 4500
001 ART_23289
005 20260410161930.0
008 260409a
245 1 0 _aEl gasto público como instrumento de la política económica
100 1 _aCaplán, Benedicto
773 0 _tRevista de la Facultad de Ciencias Económicas de la Universidad de Cuyo
_g- Año V, Nº 14 (mayo/ago. 1953)
_wREV22981
999 _c28483
_d28483